000 00744nam a2200205Ii 4500
003 JO-AjNU
008 230605s9999||||xx |||||||||||||| ||und||
040 _aJO-AjNU
_bara
_erda
_cJO-AjNU
041 _aara
050 1 4 _aBP183.3.Q872 1988
100 3 _aالقرطبي، أبي عبد الله محمد بن أحمد,
_eauthor
_918394
245 0 0 _aالتذكار في أفضل الأذكار القرآن الكريم
250 _aط3
264 3 1 _aبيروت: دار الكتب العلمية، 1988
300 _a238ص
336 _atext
_btxt
_2rdacontent
337 _aunmediated
_bn
_2rdamedia
338 _avolume
_bnc
_2rdacarrier
650 4 _aالادعية والاوراد- القرآن الكريم-فضائل وادعية
_918395
999 _aA5874
_c9442
_d9442